| 000 | 01030cam a2200229 4500 | ||
|---|---|---|---|
| 001 | ABS63014 | ||
| 008 | 000000n2000 000 0 eng u | ||
| 035 | _a(Sirsi) u108792 | ||
| 100 | _aFinnamore, J. | ||
| 245 | _aBe prepared for the cost of contamination | ||
| 260 | _c2000 | ||
| 490 |
_aEstates Gazette _v(0038) 23 September 2000, 184-185(2) |
||
| 520 | _aEnvironmental issues, particularly contaminated land, have become an important source of business risk for the property sector in recent years. Ignored or mismanaged, environmental hazards can create insurmountable costs for companies. However, if the risk of these hazards is predicted and managed, the benefits can be vast. Details methods of quantifying environmental risk and demonstrates the benefits. Graphs. | ||
| 590 | _aABS | ||
| 650 | _aRISK MANAGEMENT | ||
| 650 | _aCONTAMINATED LAND | ||
| 650 | _aENVIRONMENTAL HAZARDS | ||
| 650 | _aENVIRONMENTAL COSTS | ||
| 650 | _aENVIRONMENTAL RISK | ||
| 690 | _aENVIRONMENT-CONTAMINATION | ||
| 942 | _n0 | ||
| 999 |
_c64948 _d64948 |
||